Countries with the highest population Quiz Stats

 Plays Quiz not verified by Sporcle

Score 0/20 Timer 15:00
0 Plays Today
Rank Population % Correct
1China
100%
2India
99.1%
9Russia
94.6%
4Indonesia
93.8%
5Brazil
93.8%
10Mexico
92.9%
17Germany
92.9%
3United States
91.1%
6Pakistan
91.1%
11Japan
91.1%
Rank Population % Correct
7Nigeria
89.3%
20France
87.5%
8Bangladesh
85.7%
13Egypt
84.8%
18Iran
84.8%
19Turkey
82.1%
12Philippines
80.4%
15Vietnam
80.4%
14Ethiopia
77.7%
16Democratic Republic of the Congo
62.5%

You're not logged in!

Compare scores with friends on all Sporcle quizzes.
OR
Log In

Sporcle TV

Today on Sporcle TV


Watch our educational content, quiz creation guides, and fun videos on Sporcle TV.

Show Comments

Extras

Top Quizzes Today


Score Distribution

Your Account Isn't Verified!

In order to create a playlist on Sporcle, you need to verify the email address you used during registration. Go to your Sporcle Settings to finish the process.

Report this User

Report this user for behavior that violates our Community Guidelines.

Details: